000 00782nam a22002177a 4500
999 _c4371
_d4371
003 AR-CdUCM
008 190308b ||||| |||| 00| 0 esp d
040 _aMUNICIPALIDAD PROVINCIAL DEL CUSCO
_cBIBLIOTECA MUNICIPAL DEL CUSCO
082 _a840.909 /
_bP53
100 _aPicon, Gaetan
_913799
245 _aEl escritor y su sombra /
_cGaetan Picon
260 _aBuenos Aires :
_bNueva visión,
_c1957.
300 _a222 páginas ;
_c20 cm.
500 _aDonación de la familia Luis Nieto.
505 _aLa obra como enigma -- La obra como conciencia -- La estética y la filosofía del arte -- La estética y la historia ...
650 _aLiteratura francesa
_9913
650 _aLa estética
_913800
650 _aLa filosofía
_913801
942 _2ddc
_cLIBROS
945 _aacrt